<?xml version="1.0" encoding="UTF-8"?>
<record
    xmlns:xsi="http://www.w3.org/2001/XMLSchema-instance"
    xsi:schemaLocation="http://www.loc.gov/MARC21/slim http://www.loc.gov/standards/marcxml/schema/MARC21slim.xsd"
    xmlns="http://www.loc.gov/MARC21/slim">

  <leader>02377nam a22002777a 4500</leader>
  <controlfield tag="003">OSt</controlfield>
  <controlfield tag="005">20240918112151.0</controlfield>
  <controlfield tag="008">240917s2024    mx a|||f |||| 001 0 spa d</controlfield>
  <datafield tag="020" ind1=" " ind2=" ">
    <subfield code="a">9786071206589</subfield>
  </datafield>
  <datafield tag="040" ind1=" " ind2=" ">
    <subfield code="a">CHAP</subfield>
    <subfield code="c">CHAP</subfield>
    <subfield code="e">rda</subfield>
  </datafield>
  <datafield tag="082" ind1="0" ind2="0">
    <subfield code="2">22</subfield>
    <subfield code="a">378.72092</subfield>
    <subfield code="b">R93</subfield>
  </datafield>
  <datafield tag="100" ind1="1" ind2=" ">
    <subfield code="a">Ru&#xED;z Figueroa, Jos&#xE9; Feliciano</subfield>
    <subfield code="9">100875</subfield>
  </datafield>
  <datafield tag="245" ind1="1" ind2="0">
    <subfield code="a">Reflexiones de un agr&#xF3;nomo sui g&#xE9;neris:</subfield>
    <subfield code="b">mi testamento acad&#xE9;mico, el lado b de Chapingo /</subfield>
    <subfield code="c">por Jos&#xE9; Feliciano Ru&#xED;z Figueroa</subfield>
  </datafield>
  <datafield tag="250" ind1=" " ind2=" ">
    <subfield code="a">Primera edici&#xF3;n</subfield>
  </datafield>
  <datafield tag="264" ind1=" " ind2="1">
    <subfield code="a">M&#xE9;xico:</subfield>
    <subfield code="b">Universidad Aut&#xF3;noma Chapingo,</subfield>
    <subfield code="c">2024.</subfield>
  </datafield>
  <datafield tag="300" ind1=" " ind2=" ">
    <subfield code="a">429 p&#xE1;ginas:</subfield>
    <subfield code="b">Ilustraciones, cuadros</subfield>
  </datafield>
  <datafield tag="336" ind1=" " ind2=" ">
    <subfield code="2">rdacontent</subfield>
    <subfield code="a">texto</subfield>
    <subfield code="b">txt</subfield>
  </datafield>
  <datafield tag="337" ind1=" " ind2=" ">
    <subfield code="2">rdamedia</subfield>
    <subfield code="a">sin medio</subfield>
    <subfield code="b">n</subfield>
  </datafield>
  <datafield tag="338" ind1=" " ind2=" ">
    <subfield code="2">rdacarrier</subfield>
    <subfield code="a">volumen</subfield>
    <subfield code="b">nc</subfield>
  </datafield>
  <datafield tag="500" ind1=" " ind2=" ">
    <subfield code="a">Incluye &#xED;ndice y bibliograf&#xED;a</subfield>
  </datafield>
  <datafield tag="520" ind1=" " ind2=" ">
    <subfield code="a">Indiscutiblemente es necesaria una renovaci&#xF3;n para la Universidad Aut&#xF3;noma Chapingo en un sentido amplio.  Con una antiguedad de m&#xE1;s de 167 a&#xF1;os, esta instituci&#xF3;n se ha quedado anquilosada en el tiempo y en el espacio,  acad&#xE9;micamente est&#xE1; desfasada m&#xE1;s  de 30 a&#xF1;os con respecto a los avances cient&#xED;ficos y tecnol&#xF3;gicos del primer mundo; mi propuesta es dr&#xE1;stica, se tiene que recuperar el tiempo perdidi con la consigna de "Renovarse o Morir". La ENA debe fenecer para que surja la UACH y se deje de vivir en la nostalgia junto con la a&#xF1;oranza del pasado. La historia reconoce las glorias de la ENA y  hay que sepultarlos con honor. Permitamos y aceptemos que la UACH surja con &#xED;mpetu, en esta publicaci&#xF3;n encontrar&#xE1;s una decena de propuestas, entre ellas;  el cambio del modelo de producci&#xF3;n convencional por uno alternativo, la formaci&#xF3;n de agr&#xF3;nomo alternativo y la creaci&#xF3;n de la Divisi&#xF3;n de Recursos Naturales Renovables y Agriculturas Alternativas (Direnayaa) seguramente no son suficientes, faltar&#xE1;n m&#xE1;s propuestas que tendr&#xE1;n que analizarse en el Congreso Universitario de Chapingo, con la participaci&#xF3;n de los egresados m&#xE1;s brillantes, evitando la endogamia chapinguera que tanto ha da&#xF1;ado a este &#xF3;rgano educativo, haci&#xE9;ndonos creer que el ingeniero agr&#xF3;nomo convencional es lo que M&#xE9;xico necesita. Como Chapingo abr&#xE1;monos al mundo, tenemos mucho que dar y tambi&#xE9;n que recibir.</subfield>
  </datafield>
  <datafield tag="650" ind1=" " ind2="4">
    <subfield code="a">UACH</subfield>
    <subfield code="x">Estudiantes</subfield>
    <subfield code="x">Anecdotas</subfield>
    <subfield code="9">131248</subfield>
  </datafield>
  <datafield tag="650" ind1=" " ind2="4">
    <subfield code="a">UACH</subfield>
    <subfield code="x">Profesores</subfield>
    <subfield code="9">115806</subfield>
  </datafield>
  <datafield tag="650" ind1=" " ind2="4">
    <subfield code="a">UACH</subfield>
    <subfield code="x">Planes de estudio</subfield>
    <subfield code="9">115804</subfield>
  </datafield>
  <datafield tag="942" ind1=" " ind2=" ">
    <subfield code="2">ddc</subfield>
    <subfield code="c">LIBRO</subfield>
  </datafield>
  <datafield tag="999" ind1=" " ind2=" ">
    <subfield code="c">220171</subfield>
    <subfield code="d">220171</subfield>
  </datafield>
  <datafield tag="952" ind1=" " ind2=" ">
    <subfield code="0">0</subfield>
    <subfield code="1">0</subfield>
    <subfield code="2">ddc</subfield>
    <subfield code="4">0</subfield>
    <subfield code="5">1</subfield>
    <subfield code="7">0</subfield>
    <subfield code="8">UACH</subfield>
    <subfield code="a">BC</subfield>
    <subfield code="b">BC</subfield>
    <subfield code="c">PA_UACH</subfield>
    <subfield code="d">2024-09-17</subfield>
    <subfield code="l">0</subfield>
    <subfield code="o">378.72092 R93</subfield>
    <subfield code="p">33724002590780</subfield>
    <subfield code="r">2024-09-17 15:18:13</subfield>
    <subfield code="w">2024-09-17</subfield>
    <subfield code="y">LIBRO</subfield>
  </datafield>
  <datafield tag="952" ind1=" " ind2=" ">
    <subfield code="0">0</subfield>
    <subfield code="1">0</subfield>
    <subfield code="2">ddc</subfield>
    <subfield code="4">0</subfield>
    <subfield code="5">2</subfield>
    <subfield code="7">0</subfield>
    <subfield code="8">GRAL</subfield>
    <subfield code="a">BC</subfield>
    <subfield code="b">BC</subfield>
    <subfield code="c">PA_GRAL</subfield>
    <subfield code="d">2024-09-17</subfield>
    <subfield code="l">0</subfield>
    <subfield code="o">378.72092 R93</subfield>
    <subfield code="p">33724002590743</subfield>
    <subfield code="r">2024-09-17 15:18:13</subfield>
    <subfield code="t">c.2</subfield>
    <subfield code="w">2024-09-17</subfield>
    <subfield code="y">LIBRO</subfield>
  </datafield>
</record>
